Provincias aleatorias de Argentina secuencialmente en un mapa - Estadísticas

Estadísticas generales
  • Esta prueba ha sido intentada 70 veces
  • La puntuación promedio es 20 de 24
Respuestas en el mapa
Las respuestas están codificadas por una escala verde-roja en el mapa de la prueba según el % correcto abajo.
 
Estadísticas de respuestas
Province % Correcto
Buenos Aires
88%
Córdoba
86%
Misiones
86%
San Luis
86%
Ciudad de Buenos Aires
84%
Corrientes
84%
Jujuy
84%
La Rioja
84%
Neuquén
84%
Rio Negro
84%
Salta
84%
San Juan
84%
Santa Cruz
84%
Santiago del Estero
84%
Tierra del Fuego
84%
Catamarca
82%
Chaco
82%
Chubut
82%
Entre Ríos
82%
Formosa
82%
La Pampa
82%
Santa Fe
82%
Tucumán
82%
Mendoza
80%
No se encontraron pruebas coincidentes
Distribución de puntuación
Porcentaje de gente con cada puntuación
Porcentaje por número respondido
Historial de tus puntuaciones
No has intentado esta prueba.